Politics (Registro nro. 321757)
[ vista simple ]
| 000 -ENCABEZADO | |
|---|---|
| Número de control [NR] | 00694nam a22002177a 4500 |
| 005 - FECHA Y HORA DE LA ÚLTIMA TRANSACCIÓN | |
| control field | 20221010093413.0 |
| 008 - DE LONGITUD FIJA DE DATOS DE ELEMENTOS - INFORMACIÓN GENERAL | |
| Elementos de longitud fija [NR] | 221010s2019 nyua|||gr|||| 00| 0 eng d |
| 020 ## - NUMERO INTERNACIONAL NORMALIZADO PARA LIBROS [R] | |
| Número Internacional Normalizado del libro [NR] | 9781352005486 (5a.Ed.) |
| 040 ## - FUENTE DE CATALOGACION [NR] | |
| Agencia de catalogación original [NR] | CO-BoUCM |
| Idioma de catalogación [NR] | spa |
| Quien Cataloga | Deissy Garcia |
| Quien Clasifica | Deissy Garcia |
| 041 0# - CODIGO DE IDIOMA [R] | |
| Código de idioma para texto/pista de sonido o título separado [R] | Inglés |
| 100 ## - ASIENTO PRINCIPAL--NOMBRE PERSONAL [NR] | |
| ID Autoridad | 89313 |
| Nombre personal [NR] | Heywood, Andrew |
| 245 10 - MENCION DE TITULO [NR] | |
| Título [NR] | Politics |
| Mención de responsabilidad, etc. [NR] | Andrew Heywood |
| 250 ## - MENCION DE EDICION [NR] | |
| Mención de edición [NR] | 5a.Ed. |
| 260 ## - PUBLICACION, DISTRIBUCION, ETC. (PIE DE IMPRENTA) [R] | |
| Lugar de publicación, distribución, etc. [R] | Nueva York |
| Nombre del editor, distribuidor, etc. [R] | Bloomsbury |
| Fecha de publicación, distribución, etc. [R] | 2019 |
| 300 ## - DESCRIPCION FISICA [R] | |
| Extensión [R] | xxv, 502 páginas |
| Otros detalles físicos [NR] | ilustraciones |
| 504 ## - NOTA DE BIBLIOGRAFIA, ETC. [R] | |
| Nota de bibliografía, etc. [NR] | Incluye referencias bibliográficas e índices |
| 650 #7 - ASIENTO SECUNDARIO DE MATERIA - TERMINO TEMATICO [R] | |
| 9 (RLIN) | 340 |
| Término temático o nombre geográfico como elemento de entrada [NR] | Ciencia política |
| 650 #7 - ASIENTO SECUNDARIO DE MATERIA - TERMINO TEMATICO [R] | |
| 9 (RLIN) | 25330 |
| Término temático o nombre geográfico como elemento de entrada [NR] | Teoría política |
| 942 ## - ELEMENTOS DE ENTRADA AGREGADOS (KOHA) | |
| Sistema de clasificación | DEWEY |
| Tema principal | Ciencia política |
| Tipo de ítem principal el descrito en 300a | Libro |
| Edición | 5 |
| Clasificación | 320 |
| Parte restante de la signatura top. | H622p |
| Título oculto en OPAC | No |
| Fecha de último préstamo | Total préstamos | Total Renewals | Signatura topográfica | Código de barras | Última vez visto | Volúmen / Fascículo | Ejemplar | Costo de reposición | Price effective from | Tipo de ítem | Perdido | Sistema de clasificación | Dañado | No prestable | Tipo de ítem específico | Suprimido | Ubicación habitual | Ubicación actual | Localización | Fecha de creación | Forma de adquisición | Costo |
|---|---|---|---|---|---|---|---|---|---|---|---|---|---|---|---|---|---|---|---|---|---|---|
| 02/08/2024 | 1 | 1 | 320 H622p | 100170865 | 03/12/2025 | 5a.Ed. | Ej.1 | 220905.00 | 10/10/2022 | Libro | DEWEY | Libro | Claustro | Claustro | 3er piso | 10/10/2022 | Compra | 220905.00 | ||||
| 320 H622p | 100170866 | 03/12/2025 | 5a.Ed. | Ej.2 | 220905.00 | 10/10/2022 | Libro | DEWEY | Libro | Claustro | Claustro | 3er piso | 10/10/2022 | Compra | 220905.00 |